书目信息 |
| 题名: |
电影放映技术讲座
|
|
| 作者: | 吕新亚 编著 | |
| 分册: | ||
| 出版信息: | 兰州 甘肃人民出版社 1982.12 |
|
| 页数: | 246页 | |
| 开本: | 20cm | |
| 丛书名: | ||
| 单 册: | ||
| 中图分类: | J943.3 | |
| 科图分类: | ||
| 主题词: | 电影工作--组织 , 电影工作--管理 | |
| 电子资源: | ||
| ISBN: | ||
| 000 | 00585nam0 2200205 45 | |
| 001 | 0312221749 | |
| 005 | 20031222171203.8 | |
| 010 | @dCNY0.71 | |
| 100 | @a20031222d1982 km y0chiy0120 ea | |
| 101 | @achi | |
| 105 | @a z 000yy | |
| 200 | 1 | @a电影放映技术讲座@ADian Ying Fang Ying Ji Shu Jiang Zuo@f吕新亚编著@FLu Xin Ya Bian Zhu |
| 210 | @a兰州@c甘肃人民出版社@d1982.12 | |
| 215 | @a246页@d20cm | |
| 606 | 0 | @a电影工作@x组织 |
| 606 | 0 | @a电影工作@x管理 |
| 690 | @aJ943.3@v3 | |
| 701 | 0 | @a吕新亚@4编著 |
| 801 | @aCN@bTSTCL@c20031222 | |
| 905 | @a213230@dJ943.3@e28@b147872-874@f3 | |
| 电影放映技术讲座/吕新亚编著.-兰州:甘肃人民出版社,1982.12 |
| 246页;20cm |
| ISBN :CNY0.71 |
| ● |
| 相关链接 |
|
|
|
|
正题名:电影放映技术讲座
索取号:J943.3/28
 
预约/预借
| 序号 | 登录号 | 条形码 | 馆藏地/架位号 | 状态 | 备注 |
| 1 | 0147872 | 001218202 | 密集书库/ [索取号:J943.3/28] | 在馆 | |
| 2 | 0147873 | 001218177 | 第一借阅区/ [索取号:J943.3/28] | 在馆 | |
| 3 | 0147874 | 001218195 | 第一样本阅览室/ [索取号:J943.3/28] | 在馆 |